000 00295nam a2200121Ia 4500
008 190216s9999||||xx |||||||||||||| ||und||
100 _aRajasasekharan.C.V
245 4 _aThe Little Theatre
260 _bCalicut University Publications
_c1993
300 _a141
650 _aEnglish
942 _cBK
999 _c13648
_d13648